Ngôn ngữ thú vị, tập 6

Na minha lista:
Detalhes bibliográficos
Formato: Livro
Tags: Adicionar Tag
Sem tags, seja o primeiro a adicionar uma tag!
Thư viện lưu trữ: Mạng thư viện Đại học Đà Nẵng
LEADER 00431nam a22001691a 4500
001 000036646
003 12941
005 20160412012704.0
008 160412s0 000
082 |a 4T(07)25-28 
245 |a Ngôn ngữ thú vị, tập 6  |c Setrat & nhóm tác giả 
OWN |a LNN 
999 |a From the UDN01 
TYP |a Monograph 
980 |a Mạng thư viện Đại học Đà Nẵng